Central Library OPAC University of Rajshahi

Biological science : (Record no. 11794)

MARC details
000 -LEADER
fixed length control field 00879cam a2200265 4500
001 - CONTROL NUMBER
control field 11794
003 - CONTROL NUMBER IDENTIFIER
rucl marc code UkOxU
005 - DATE AND TIME OF LATEST TRANSACTION
control field 20211208235201.0
008 - FIXED-LENGTH DATA ELEMENTS--GENERAL INFORMATION
fixed length control field 140127s1963 mauabc b 00100 eng d
035 ## - SYSTEM CONTROL NUMBER
System control number (CStRLIN)CUDG83-B23614
040 ## - CATALOGING SOURCE
Transcribing agency Wa
Modifying agency BD-RUj
Original cataloging agency CStRLIN
Language of cataloging eng
041 ## - LANGUAGE CODE
Language code of text/sound track or separate title eng
082 04 - DEWEY DECIMAL CLASSIFICATION NUMBER
Classification number 574
Author mark and year BIO
110 20 - MAIN ENTRY--CORPORATE NAME
Corporate name or jurisdiction name as entry element Biological Sciences Curriculum Study.
9 (RLIN) 119091
245 10 - TITLE STATEMENT
Title Biological science :
Remainder of title molecules to man /
Statement of responsibility, etc. by Biological Sciences Curriculum Study, American Institute of Biological Sciences.
246 14 - VARYING FORM OF TITLE
Title proper/short title Molecules to man.
250 ## - EDITION STATEMENT
Edition statement Blue version.
260 0# - PUBLICATION, DISTRIBUTION, ETC. (IMPRINT)
Place of publication, distribution, etc. Boston ;
Name of publisher, distributor, etc. Houghton Mifflin :
Place of publication, distribution, etc. London ;
Name of publisher, distributor, etc. Edward Arnold,
Date of publication, distribution, etc. c1963
300 ## - PHYSICAL DESCRIPTION
Pagination xx, 716, lvi, 130 p. :
Illustrations ill. ports., col. maps ;
Size 25 cm.
504 ## - BIBLIOGRAPHY, ETC. NOTE
Bibliography, etc Includes bibliographies and index.
650 #0 - SUBJECT ADDED ENTRY--TOPICAL TERM
Topical term or geographic name as entry element Biology.
9 (RLIN) 36525
942 ## - ADDED ENTRY ELEMENTS (KOHA)
Source of classification or shelving scheme Dewey Decimal Classification
Koha item type Books
Holdings
Lost status Source of classification or shelving scheme Damaged status Not for loan Collection code Permanent Location Current Location Shelving location Date acquired Source of acquisition Total Checkouts Full call number Date last seen Copy number Koha item type
  Dewey Decimal Classification   Not For Loan Non-fiction Central Library, University of Rajshahi Central Library, University of Rajshahi Reading Room 21/06/1964 Asia foundation Gift   574 BIO 1963 27/01/2014 C-1 Books